| 000 | 00367nam a2200133Ia 4500 | ||
|---|---|---|---|
| 008 | 231017s9999 xx 000 0 und d | ||
| 082 | _a363.125FHW | ||
| 082 | _bFHW | ||
| 245 | 0 | _a"Mid-Atlantic NHTSA/FHWA/FMCSA Transportation Safety Forum for Federal and State Officials December 7-8, 2004" | |
| 245 | 0 | _cFHWA | |
| 260 | _bFHWA | ||
| 300 | _c30cm | ||
| 942 | _cREP | ||
| 999 |
_c603668 _d603668 |
||